Регионална библиотека "Любен Каравелов" - Русе

[Седемдесет] 70 примерни теста по български език и литература за VІІ клас (Запис номер 65844)

MARC детайли
000 -Лидер
Контролно поле с фиксирана дължина 02511nam a2200397 c 4500
003 - Код на организацията, давaща контролен номер
Контролно поле BLK
005 - Дата и час на последна редакция
Контролно поле 20231229135723.0
008 - Елементи от данни с фиксирана дължина
fixed length control field 180408b bul|||||r ||||||| ||bul||
010 ## - Наследен системен номер
LC control number KNG00070126000
020 ## - Международен стандартен номер на книга ISBN
Международен стандартен номер на книга ISBN 954-91186-4-9
-- издат.: Литера Ико
040 ## - Източник на каталожния запис
Идентификатор на билиотеката - собственик на записа BLK
041 ## - Код за език
Код за езика на текст/звукозапис или на отделно заглавие Български
Код за езика КДБФ Български
080 ## - УДК
Текстов определител УДК Български език в основното училище. Методика на обучението
УДК код - определител по УДК 373.3.016:811.163.2
УДК определител (079)(075.2)
УДК - код + определител 373.3.016:811.163.2(079)(075.2)
080 ## - УДК
Текстов определител УДК Българска литература в основното училище. Методика на обучението
УДК код - определител по УДК 373.3.016:821.163.2
УДК определител (079)(075.2)
УДК - код + определител 373.3.016:821.163.2(079)(075.2)
100 1# - Редна дума - Автор
Автор Антонова, Жулиета
Авторска отговорност първи автор
R(LIN) 292657
139 ## - Редно поле
Редна дума [Седемдесет] 70 примерни теста по български език и литература за VІІ клас
Авторски знак Се - С 30
245 10 - Сведения за заглавието
Заглавие [Седемдесет] 70 примерни теста по български език и литература за VІІ клас
Редно поле (дума) Жулиета Антонова.
257 ## - Страна на издаване
Страна на създаване/издаване България
260 ## - Област на издателските данни
-- София
Име на издателя, разпространителя и проч. Литера Ико
Година на издаване 2005
300 ## - Физическа характеристика
Страници 266 с.
Размери/Мащаб 20 см
380 ## - Жанр
Жанр Обществени науки
490 1# - СЕРИИ (Колекции)
Име на серия Библиотека Частен учител
500 ## - Общи забележки
Забележка Други авт. : Кр. Симеонова, Н. Илиева, Р. Събева-Шуманска ; Пълното име на първата авт. е Жулиета Антонова Александрова ; Авт. Р. Събева-Шуманска известна като Румяна Димитрова Шуманска. - Съдържа и Отговори ; Примерен вариант за самооценяване според броя на правилно дадени въпроси. - Доп. тир. 2006.
650 #4 - Допълнително описание по предмет – тема
Основно описание – тема или топоним Български език - тестове и задачи - учебници за основни училища
9 (RLIN) 256979
650 #4 - Допълнително описание по предмет – тема
Основно описание – тема или топоним Българска литература - тестове - учебни помагала
9 (RLIN) 259739
653 ## - Ключова дума – ненормативна
Ключова дума български език
653 ## - Ключова дума – ненормативна
Ключова дума българска литература
653 ## - Ключова дума – ненормативна
Ключова дума тестови задачи
653 ## - Ключова дума – ненормативна
Ключова дума VІІ кл.
852 ## - Местоположение
Форматна сигнатура Цб 232615
856 4# - Електронен адрес и достъп
Електронен формат pdf - файл
Път до файла /url/
856 4# - Електронен адрес и достъп
Електронен формат pdf - файл
Път до файла /url/
942 ## - АРТИКУЛИ
Вид на библиотечния материал Книги
Скрит в OPAC Не
Koha issues (borrowed), all copies 3
944 ## - СЪЗДАВАНЕ И РЕДАКЦИЯ на ЗАПИСА
Създаване/Редакция Създаване
Дата на регистрацията/редакция 19.12.2006
Статус, дата на статуса Ива Цветкова
Служител, извършил регистрацията/редакцията 30543
944 ## - СЪЗДАВАНЕ И РЕДАКЦИЯ на ЗАПИСА
Създаване/Редакция Редакция
Дата на регистрацията/редакция 30.01.2015
Статус, дата на статуса ф /
Служител, извършил регистрацията/редакцията Людмила_Стоянова
999 ## - СИСТЕМНИ КОНТРОЛНИ НОМЕРА
Koha biblionumber 65844
Koha biblioitemnumber 65844
Наличности
Код за отписване Код за изгубен артикул Източник на класификационната схема Код за повреда Коз за рестрикции Код за отдаване Артикулен № Име на библиотеката - собственик Име на библиотеката, в която се намира в момента Статус (Текущо местоположение) Дата на вписване в системата Местоположение - отдел Цена в лева Инвентарен номер Систематично азбучна сигнатура Баркод Номер на екземпляра Цена в евро Служебна бележка Служебен тип на артикула
Изтеглен Не е изгубен Universal Decimal Classification Не е повреден без рестрикции заемане за дома 108654 Регионална библиотека "Любен Каравелов" Русе Регионална библиотека "Любен Каравелов" Русе Детски отдел 2006-12-18 Детски отдел 9.90 120000707618 ДН 372.88/С 30 120000707618 1 5.06 Дост: Pk Вид: Ф N: 47388 Дата: 16.12.2006 Книги
  Не е изгубен   Не е повреден без рестрикции ползва се в читалня 108655 Регионална библиотека "Любен Каравелов" Русе Регионална библиотека "Любен Каравелов" Русе Хранилище 2007-03-23 Хранилище 9.90 120000711641 Цб 232615 120000711641 2 5.06 Дост: Dp Вид: Д N: 32 Дата: 13.07.2006 Книги
Изтеглен Не е изгубен Universal Decimal Classification Не е повреден без рестрикции заемане за дома 108656 Регионална библиотека "Любен Каравелов" Русе Регионална библиотека "Любен Каравелов" Русе Детски отдел 2007-12-14 Детски отдел 9.90 120000721021 ДН 372.88/С 30 120000721021 3 5.06 Дост: Pk Вид: Ф N: 12778 Дата: 11.12.2007 Дата инв: 21.08.2015 Бележки инв: Д2015 Книги
Изтеглен Не е изгубен Universal Decimal Classification Не е повреден без рестрикции заемане за дома 108657 Регионална библиотека "Любен Каравелов" Русе Регионална библиотека "Любен Каравелов" Русе Детски отдел 2007-12-14 Детски отдел 9.90 120000721023 ДН 372.88/С 30 120000721023 4 5.06 Дост: Pk Вид: Ф N: 12778 Дата: 11.12.2007 Дата инв: 21.08.2015 Бележки инв: Д2015 Книги
Изтеглен Не е изгубен Universal Decimal Classification Не е повреден без рестрикции заемане за дома 108658 Регионална библиотека "Любен Каравелов" Русе Регионална библиотека "Любен Каравелов" Русе Детски отдел 2012-10-24 Детски отдел 9.90 120000760701 ДН 372.88/С 30 120000760701 5 5.06 Дост: DA Вид: А N: 19 Дата: 19.10.2012 Дата инв: 21.08.2015 Бележки инв: Д2015 Книги
  Не е изгубен Universal Decimal Classification Не е повреден без рестрикции заемане за дома 108659 Регионална библиотека "Любен Каравелов" Русе Регионална библиотека "Любен Каравелов" Русе Детски отдел 2014-09-12 Детски отдел 9.90 120000780790 ДН 373.3.016:811.163.2/С 30 120000780790 6 5.06 Дост: DA Вид: А N: 18 Дата: 12.09.2014 Дата инв: 21.08.2015 Бележки инв: Д2015 Книги
Vip Innovations Ltd, Rousse, Bulgaria 2025